| 000 | 00927cam a22002294a 4500 | ||
|---|---|---|---|
| 020 | _a0764548255 (alk. paper) | ||
| 040 | _cDLC | ||
| 082 | 0 | 0 | _a658 HUN 2001 A041 Or. |
| 100 | 1 | _aMinnick, Chris. | |
| 245 | 1 | 0 | _aCIW e-commerce designer certification bible / |
| 260 |
_aNew York, NY : _bHungry Minds, _cc2001. |
||
| 300 |
_axxxiv, 711 p. : _bill. ; _c25 cm. + _e1 computer optical disc (4 3/4 in.) |
||
| 500 | _aDisc includes Actinic Business trial verson, AbleCommerce evaluation version, CIW E-Commerce exam demo, and Apache HTTP server for Windows. | ||
| 500 | _aIncludes index. | ||
| 650 | 0 | _aElectronic commerce | |
| 650 | 0 | _aWeb site development | |
| 700 | 1 | _aMinnick, Margaret T. | |
| 856 | 4 | 2 | _uhttp://www.loc.gov/catdir/bios/wiley045/2001092715.html |
| 856 | 4 | 2 | _uhttp://www.loc.gov/catdir/description/wiley038/2001092715.html |
| 856 | 4 | 1 | _uhttp://www.loc.gov/catdir/toc/wiley021/2001092715.html |
| 942 | _cEK | ||
| 999 |
_c12442 _d12442 |
||